| 000 | 00843nam a2200241Ia 4500 | ||
|---|---|---|---|
| 001 | 6363 | ||
| 003 | GE_BSU | ||
| 008 | 181216s||||||||xx |||||||||||||| ||und|| | ||
| 040 | _cGE_BSU | ||
| 080 | _a821.353.1-1 | ||
| 100 | _aბეგაშვილი, ალექსანდრე. | ||
| 245 | _aაქა მშვიდობა. | ||
| 245 | _bლექსები;მოთხრობები. | ||
| 245 | _cრედ:ნ.ინასარიძე;მხატვ:.ა.სამაშვილი. | ||
| 260 | _aთბილისი. | ||
| 260 | _bსაბჭ.საქართველო. | ||
| 260 | _c1986. | ||
| 300 | _a597გვ;21სმ. | ||
| 300 | _bპორტრეტი. | ||
| 653 | _aაქა მშვიდობა. | ||
| 653 | _aლექსები,მოთხრობები. | ||
| 942 | _cBK | ||
| 999 |
_c39758 _d39758 |
||